Largest U.S. Cities - Statistics

General Stats
  • This quiz has been taken 44 times
    34 since last reset
  • The average score is 62 of 100
Answer Stats
Rank Population Answer % Correct
37 514,457 Atlanta
96%
9 1,325,691 Dallas
96%
4 2,345,606 Houston
96%
2 3,919,973 Los Angeles
96%
43 450,797 Miami
96%
17 887,711 San Francisco
96%
3 2,756,546 Chicago
93%
12 975,177 Jacksonville
93%
1 8,930,002 New York City
93%
8 1,402,838 San Diego
93%
18 762,687 Seattle
93%
28 624,177 Detroit
89%
5 1,640,641 Phoenix
89%
11 996,147 Austin
85%
23 687,257 Boston
85%
19 738,594 Denver
85%
16 901,082 Indianapolis
85%
45 439,430 Minneapolis
85%
6 1,619,355 Philadelphia
85%
7 1,456,069 San Antonio
85%
10 1,026,700 San Jose
85%
51 394,809 Tampa
85%
20 707,109 Washington D.C.
85%
29 578,658 Baltimore
81%
26 653,533 Las Vegas
81%
22 701,266 Oklahoma City
81%
34 536,631 Sacramento
81%
72 298,034 Saint Louis
81%
24 684,753 El Paso
78%
30 573,700 Milwaukee
78%
61 321,427 Orlando
78%
70 302,405 Pittsburgh
78%
25 666,249 Portland
78%
15 903,211 Charlotte
74%
53 367,786 Cleveland
74%
13 954,457 Fort Worth
74%
35 517,750 Kansas City
74%
27 630,348 Memphis
74%
21 707,091 Nashville
74%
52 392,031 New Orleans
74%
38 501,469 Omaha
74%
97 241,686 Boise
70%
79 281,757 Buffalo
70%
66 311,791 Cincinnati
70%
14 929,492 Columbus
70%
40 480,419 Raleigh
70%
46 417,298 Tulsa
70%
73 297,622 Lincoln
67%
56 344,794 Louisville
67%
65 316,819 Saint Paul
67%
33 547,131 Tucson
67%
42 463,766 Virginia Beach
67%
75 291,131 Anchorage
63%
32 551,595 Fresno
63%
54 353,706 Honolulu
63%
44 450,630 Oakland
63%
31 568,301 Albuquerque
59%
55 348,936 Anaheim
59%
63 318,431 Newark
59%
47 414,649 Bakersfield
56%
39 491,467 Colorado Springs
56%
81 277,166 Madison
52%
82 271,953 Reno
52%
84 267,603 Toledo
52%
48 400,564 Wichita
52%
49 400,032 Arlington
48%
95 244,847 Arlington
48%
62 320,393 Corpus Christi
48%
41 467,638 Long Beach
48%
64 317,224 Riverside
48%
50 398,497 Aurora
44%
74 294,542 Durham
44%
89 259,027 Laredo
44%
87 262,655 Lubbock
44%
60 326,624 Stockton
44%
91 253,531 Winston-Salem
44%
85 265,926 Fort Wayne
41%
69 304,909 Greensboro
41%
58 327,924 Lexington
41%
36 517,302 Mesa
41%
94 246,157 Scottsdale
41%
77 283,959 Chandler
37%
99 237,045 Norfolk
37%
88 261,016 Saint Petersburg
37%
68 307,367 Santa Ana
37%
57 329,586 Henderson
33%
59 326,730 Irvine
33%
86 264,762 Irving
33%
71 301,419 Jersey City
33%
76 290,624 Plano
33%
90 254,864 Chesapeake
30%
92 252,645 Glendale
30%
83 271,641 North Las Vegas
30%
100 233,788 Fremont
26%
98 239,143 Santa Clarita
26%
78 281,801 Chula Vista
22%
93 249,846 Garland
22%
80 279,810 Gilbert
22%
67 311,038 San Juan
19%
96 244,501 Enterprise
11%
No matching quizzes found
Score Distribution
Percent of People with Each Score
Percentile by Number Answered
Your Score History
You have not taken this quiz since the last reset